Loading...
Code of criminal procedure(act V of 1898) as amended up to date with short notes
| Published: |
Allahabad
Ram Narain Lal Beni Prasad law publishers
1963
|
|---|---|
| Subjects: |
| LEADER | 00482nam a22001217a 4500 | ||
|---|---|---|---|
| 074 | |a 1997 | ||
| 082 | |a 343.10 RAM | ||
| 245 | |a Code of criminal procedure(act V of 1898) |b as amended up to date with short notes | ||
| 260 | |a Allahabad |b Ram Narain Lal Beni Prasad law publishers |c 1963 | ||
| 300 | |a xxii+112p. | ||
| 653 | |a Law |a Criminal law |a Criminal procedure | ||
| 999 | |c 443 |d 443 | ||
| 952 | |0 0 |1 0 |2 udc |4 0 |6 34310_RAM |7 0 |9 633 |a NUALS |b NUALS |d 2009-09-05 |l 0 |o 343.10 RAM |p 1997 |r 2013-04-11 |t 1 |w 2013-04-11 |y BOOKS | ||